Detalles MARC
| 000 -LEADER |
| campo de control de longitud fija |
02605cam a22004214i 4500 |
| 003 - IDENTIFICADOR DE NÚMERO DE CONTROL |
| campo de control |
PE-LiUPU |
| 005 - FECHA Y HORA DE LA ÚLTIMA TRANSACCIÓN |
| campo de control |
20250731173601.0 |
| 008 - DATOS DE LONGITUD FIJA--INFORMACIÓN GENERAL |
| campo de control de longitud fija |
150127s2015 miu b 001 0 eng |
| 020 ## - NÚMERO INTERNACIONAL ESTÁNDAR DEL LIBRO |
| Número Internacional Estándar del Libro |
9781921643910 |
| 040 ## - FUENTE DE CATALOGACIÓN |
| Centro catalogador/agencia de origen |
DLC |
| Lengua de catalogación |
eng |
| Normas de descripción |
rda |
| Centro/agencia transcriptor |
PE-LiUPU |
| Centro/agencia modificador |
PE-LiUPU |
| 082 04 - NÚMERO DE LA CLASIFICACIÓN DECIMAL DEWEY |
| Número de clasificación |
222.1107 |
| Número de edición |
23 |
| Cutter |
S244g |
| 100 1# - ENTRADA PRINCIPAL--NOMBRE DE PERSONA |
| Nombre de persona |
Sarfati, Jonathan D. |
| Término indicativo de función/relación |
autor. |
| 9 (RLIN) |
3749 |
| 245 14 - MENCIÓN DEL TÍTULO |
| Título |
The Genesis account / |
| Mención de responsabilidad, etc. |
edited by Gerald A. Klingbeil. |
| Resto del título |
A theologica, historical, and scientific commentary on Genesis 1-11 |
| 250 ## - MENCION DE EDICION |
| Mención de edición |
Primera edición. |
| 264 #1 - PRODUCCIÓN, PUBLICACIÓN, DISTRIBUCIÓN, FABRICACIÓN Y COPYRIGHT |
| Producción, publicación, distribución, fabricación y copyright |
Powder Springs, Georgia : |
| Nombre del de productor, editor, distribuidor, fabricante |
Creation Book Pubishers, |
| Fecha de producción, publicación, distribución, fabricación o copyright |
2015. |
| 300 ## - DESCRIPCIÓN FÍSICA |
| Extensión |
xii, 781 páginas ; |
| Dimensiones |
23.5 centímetros. |
| 336 ## - TIPO DE CONTENIDO |
| Término de tipo de contenido |
text |
| Fuente |
rdacontent |
| 337 ## - TIPO DE MEDIO |
| Nombre/término del tipo de medio |
unmediated |
| Fuente |
rdamedia |
| 338 ## - TIPO DE SOPORTE |
| Nombre/término del tipo de soporte |
volume |
| Fuente |
rdacarrier |
| 490 1# - MENCIÓN DE SERIE |
| Mención de serie |
(Creation Book Moock) |
| 504 ## - NOTA DE BIBLIOGRAFÍA, ETC. |
| Nota de bibliografía, etc. |
Indexes : páginas 739-785. |
| 505 0# - NOTA DE CONTENIDO CON FORMATO |
| Nota de contenido con formato |
Author, date, and structure -- Genesis is history, not poetry or allegory -- Genesis 1-11 and Systematic Theology -- CREATION OF THE UNIVERSE GENESIS -- Day 1: Beginning and light (1:1-5) – Date of creation -- Day 2: Creation of the expanse (1:6-8) -- Day 3: Land and plants (1:9-13) -- Day 4: Sun, moon, and stars (1:14-19) -- Day 5: Sea and air creatures (1:20-23) -- Day 6: Land animals and man (1:24-31) -- Day 7: God "rested" (2:1-3) TOLEDOT 1: WHAT FROM HEAVENS AND EARTH (GENESIS 2:4-4:26) -- Adam and Eve (2:4-25) -- The Fall (3:1-24) -- The children of Adam and Eve (4:1-26) -- TOLEDOT 2: WHAT FOLLOWED FROM ADAM (GENESIS 5:1-6:8) -- From Adam to Noah (5:1-32) -- Wickedness before the Flood (6:1-8) -- TOLEDOT 3: WHAT FOLLOWED FROM NOAH (GENBSIS 6:9-9:29) -- Preparation for the Flood (6:9-7:5) . Evidence for the global Flood – The Flood begins and rises (7:6-24) -- The Flood subsides (8:1-19) -- God's covenant with Noah (8:20-9:17) -- Noah's sons and later years (9:18-29) – TOLEDOT 4: WHAT FOLLOWED FROM NOHA’S SONS (GENESIS 10:1-11:9) -- Nations and languages (10:1-11:9) -- TOLEDOT 5: WHAT FOLLOWED FROM SHEM (GENESIS 11:10-26) -- The line of Shem (11:10-26) TOLEDOT 6: WHAT FOLLOWED FROM TERAH (GENESIS 11:10-25:11) Terah and Abraham (11:27-12:4) |
| 526 ## - NOTA DE INFORMACIÓN SOBRE EL PROGRAMA DE ESTUDIO |
| Nombre del programa |
Segunda Especialidad En Profecías Bíblicas |
| 526 ## - NOTA DE INFORMACIÓN SOBRE EL PROGRAMA DE ESTUDIO |
| Nombre del programa |
Segunda Especialidad En Nuevo Testamento |
| 526 ## - NOTA DE INFORMACIÓN SOBRE EL PROGRAMA DE ESTUDIO |
| Nombre del programa |
Segunda Especialidad En Antiguo Testamento |
| 526 ## - NOTA DE INFORMACIÓN SOBRE EL PROGRAMA DE ESTUDIO |
| Nombre del programa |
Segunda Especialidad En Estudios Adventistas |
| 526 ## - NOTA DE INFORMACIÓN SOBRE EL PROGRAMA DE ESTUDIO |
| Nombre del programa |
Doctorado en teología |
| 526 ## - NOTA DE INFORMACIÓN SOBRE EL PROGRAMA DE ESTUDIO |
| Nombre del programa |
Maestría en teología histórica |
| 526 ## - NOTA DE INFORMACIÓN SOBRE EL PROGRAMA DE ESTUDIO |
| Nombre del programa |
Maestría en teología bíblica |
| 526 ## - NOTA DE INFORMACIÓN SOBRE EL PROGRAMA DE ESTUDIO |
| Nombre del programa |
Maestría en teología |
| 526 ## - NOTA DE INFORMACIÓN SOBRE EL PROGRAMA DE ESTUDIO |
| Nombre del programa |
Maestría en misionología |
| 526 ## - NOTA DE INFORMACIÓN SOBRE EL PROGRAMA DE ESTUDIO |
| Nombre del programa |
Maestría en liderazgo eclesiástico |
| 526 ## - NOTA DE INFORMACIÓN SOBRE EL PROGRAMA DE ESTUDIO |
| Nombre del programa |
Teología |
| 630 14 - PUNTO DE ACCESO ADICIONAL DE MATERIA--TÍTULO UNIFORME |
| Título uniforme |
Biblia. |
| Nombre de parte o sección de la obra |
Génesis |
| Subdivisión general |
Crítica, interpretación, etc. |
| 9 (RLIN) |
947 |
| 942 ## - ELEMENTOS DE ENTRADA SECUNDARIOS (KOHA) |
| Fuente del sistema de clasificación o colocación |
Clasificación Decimal Dewey |
| Tipo de ítem Koha |
Libros físicos |
| 980 ## - EQUIVALENCIA O REFERENCIA-CRUZADA-MENCIÓN DE SERIE--NOMBRE DE PERSONA/TÍTULO [LOCAL, CANADÁ] |
| ID del usuario creador del registro |
18226 |
| Nombre del creador del registro |
Jaime Vilcazán Jefe de Análisis Documental |
| ID del último usuario que modificó el registro |
1 |
| Nombre del último usuario que modificó el registro |
ALBERTO SANCHEZ Responsable de Automatización |